000 00630nam a22001937a 4500
005 20240805152843.0
010 _aENG-141186
020 _c695.00
_a9788196078126
035 _aEN-124718
037 _bDBAD
082 _a364.168
_21
100 _aAjay Singh
_969497
245 0 0 _aCyber Strong:
_cBy Ajay Singh
_bCyber Security and Risk Management/
250 _a1
260 _aMumbai
_bKabdwal Book International
270 _aPlot No. 179, D/42, Raigad CHS, Sector 1, Charkop, Kandivali(W)
_bMumbai
_e400067
_morder@kabdwalbook.com
300 _axxvi,275p.
_c22cm(hbk)
942 _2ddc
_cEN
_mAJA
_h364.168
_e1
999 _c204847
_d204847